[Event "Sao Bernardo do Campo op"]
[Site "Sao Bernardo do Campo"]
[Date "2013.06.30"]
[Round "6"]
[White "De Souza, Moira Bonifacio"]
[Black "Dinegri, Rodrigo"]
[Result "0-1"]
[WhiteElo "1748"]
[BlackElo "1621"]
[PlyCount "52"]
[EventDate "2013.06.28"]
[EventType "swiss"]
[EventRounds "6"]
[EventCountry "BRA"]
[SourceTitle "EXT 2014"]
[Source "ChessBase"]
[SourceDate "2013.11.20"]
[SourceVersion "1"]
[SourceVersionDate "2013.11.20"]
[SourceQuality "1"]

1. e4 Nf6 2. Nc3 d5 3. exd5 Nxd5 4. Nxd5 Qxd5 5. Nf3 Bg4 6. Be2 e5 7. 0-0 Nc6 8. d3 0-0-0 9. Re1 f5 10. h3 Bh5 11. c4 Qd7 12. b3 Bc5 13. Bb2 Bxf3 14. Bxf3 Bd4 15. Bxd4 Qxd4 16. Be2 Rhe8 17. Rb1 Nb4 18. Qd2 Nxd3 19. Bxd3 Qxd3 20. Qa5 a6 21. Rxe5 Qxb1+ 22. Kh2 Rxe5 23. Qxe5 Qe4 24. Qxg7 Qf4+ 25. g3 Qxf2+ 26. Kh1 Rd1# 0-1

[Event "Sao Bernardo do Campo op"]
[Site "Sao Bernardo do Campo"]
[Date "2013.06.28"]
[Round "2"]
[White "De Souza, Moira Bonifacio"]
[Black "Dias, Matheus Nunes"]
[Result "0-1"]
[WhiteElo "1748"]
[BlackElo "1587"]
[PlyCount "100"]
[EventDate "2013.06.28"]
[EventType "swiss"]
[EventRounds "6"]
[EventCountry "BRA"]
[SourceTitle "EXT 2014"]
[Source "ChessBase"]
[SourceDate "2013.11.20"]
[SourceVersion "1"]
[SourceVersionDate "2013.11.20"]
[SourceQuality "1"]

1. e4 e6 2. Nf3 d5 3. exd5 exd5 4. d4 Bd6 5. Bd3 Ne7 6. Nc3 c6 7. 0-0 0-0 8. Re1 Ng6 9. Bg5 f6 10. Bxg6 fxg5 11. Bd3 Bg4 12. Be2 Qf6 13. Rf1 Qf4 14. g3 Qf6 15. Kg2 Qf5 16. Re1 Bh3+ 17. Kg1 g4 18. Bd3 Qxf3 19. Qxf3 gxf3 20. Re3 Nd7 21. Rd1 Nf6 22. Rxf3 Rfe8 23. Re3 Rxe3 24. fxe3 Bb4 25. e4 Bxc3 26. bxc3 dxe4 27. Bc4+ Kh8 28. Bb3 Re8 29. c4 g6 30. d5 c5 31. c3 a6 32. Ba4 Bd7 33. Bxd7 Nxd7 34. Kf2 e3+ 35. Ke2 Ne5 36. Rb1 Re7 37. Kxe3 Nxc4+ 38. Kd3 b5 39. a4 Re3+ 40. Kc2 Na3+ 41. Kd2 Nxb1+ 42. Kxe3 Kg7 43. axb5 axb5 44. Kd3 Kf6 45. c4 b4 46. Ke4 Nc3+ 47. Kd3 Ke5 48. Kc2 Nxd5 49. Kb3 Ne3 50. h4 Kf5 0-1

[Event "Sao Bernardo do Campo op"]
[Site "Sao Bernardo do Campo"]
[Date "2013.05.25"]
[Round "4"]
[White "Hengles, Roberto Carlos"]
[Black "De Souza, Moira Bonifacio"]
[Result "1/2-1/2"]
[WhiteElo "1890"]
[BlackElo "1751"]
[PlyCount "49"]
[EventDate "2013.05.24"]
[EventType "swiss"]
[EventRounds "6"]
[EventCountry "BRA"]
[SourceTitle "CBM 154 Extra"]
[Source "ChessBase"]
[SourceDate "2013.06.25"]
[SourceVersion "2"]
[SourceVersionDate "2013.06.25"]
[SourceQuality "1"]

1. e4 e5 2. Nf3 Nc6 3. Bb5 Nge7 4. d4 exd4 5. Nxd4 g6 6. Be3 Bg7 7. Nc3 0-0 8. 0-0 d5 9. exd5 Nxd5 10. Nxd5 Qxd5 11. c4 Qd6 12. Nxc6 bxc6 13. Qxd6 cxd6 14. Bxc6 Rb8 15. Bxa7 Rxb2 16. Rad1 Rxa2 17. Be3 Be5 18. f4 Bg7 19. Rxd6 Be6 20. Bd5 Bxd5 21. Rxd5 Rc2 22. c5 Rc8 23. Rfd1 f5 24. Kf1 Bf8 25. Rd8 1/2-1/2

[Event "Sao Bernardo do Campo LXSBC op 4th"]
[Site "Sao Bernardo do Campo"]
[Date "2012.07.15"]
[Round "6"]
[White "De Souza, Moira Bonifacio"]
[Black "Assef, Nathaly Regina Reis"]
[Result "0-1"]
[WhiteElo "1800"]
[BlackElo "1486"]
[PlyCount "134"]
[EventDate "2012.07.13"]
[EventType "swiss"]
[EventRounds "6"]
[EventCountry "BRA"]
[SourceTitle "CBM 149 Extra"]
[Source "ChessBase"]
[SourceDate "2012.08.24"]
[SourceVersion "1"]
[SourceVersionDate "2012.08.24"]
[SourceQuality "1"]

1. e4 d5 2. c3 dxe4 3. Qa4+ Nc6 4. Bb5 Bd7 5. Qxe4 Nf6 6. Qe2 a6 7. Bxc6 Bxc6 8. Nf3 e6 9. d3 h6 10. Bf4 Be7 11. 0-0 b6 12. Nbd2 0-0 13. Rad1 Re8 14. Ne5 Bb7 15. d4 Rc8 16. Qe3 Nd5 17. Qg3 Nxf4 18. Qxf4 Qd5 19. Qxf7+ Kh8 20. f3 Bf6 21. Ng6+ Kh7 22. Ne4 Qf5 23. Nxf6+ Qxf6 24. Qxf6 gxf6 25. Nf4 e5 26. dxe5 fxe5 27. Rd7+ Kg8 28. Nh5 Re6 29. Rg7+ Kf8 30. Rd1 Bc6 31. Re1 Be8 32. Rh7 Kg8 33. Ng7 Rg6 34. Nf5 Kxh7 35. Ne7 Rd8 36. Nxg6 Bxg6 37. b4 Re8 38. Rd1 Re7 39. g4 e4 40. fxe4 Bxe4 41. Kf2 Rf7+ 42. Ke3 Bg6 43. h4 Re7+ 44. Kf3 Be4+ 45. Kf4 Bc6 46. g5 hxg5+ 47. hxg5 Re4+ 48. Kf5 Re3 49. c4 Kg7 50. Rd8 Re7 51. b5 axb5 52. cxb5 Bxb5 53. Ra8 Bd3+ 54. Kf4 c5 55. Rb8 b5 56. Ra8 Rc7 57. a4 bxa4 58. Rxa4 c4 59. Ra3 c3 60. Ra1 c2 61. Rc1 Re7 62. Kf3 Kg6 63. Kg4 Re2 64. Kf3 Rd2 65. Ke3 Rd1 66. Rxc2 Bxc2 67. Kf4 Rg1 0-1